[Event "Valle d'Aosta op 11th"]
[Site "?"]
[Date "2003.02.16"]
[Round "9"]
[White "Chatalbashev Boris"]
[Black "Atalik Suat"]
[Result "0-1"]
[WhiteElo "2515"]
[BlackElo "2581"]
[PlyCount "86"]
[EventDate "2003.??.??"]
[Source "www.chesslib.no"]
[SourceDate "2004.05.04"]

1. b3 e5 2. Bb2 Nc6 3. e3 Nf6 4. Bb5 Bd6 5. Na3 Na5 6. Be2 a6 7. c4 O-O 8. Nf3 Re8 9. O-O Bf8 10. d3 Nc6 11. e4 Bc5 12. Nc2 d6 13. Ne3 b5 14. Nd5 bxc4 15. bxc4 Rb8 16. Bc3 Bg4 17. Nxe5 Bxe2 18. Nxc6 Bxd1 19. Nxd8 Nxd5 20. cxd5 Be2 21. Nc6 Bxf1 22. Kxf1 Rb5 23. Rc1 Ba3 24. Rc2 f5 25. f3 fxe4 26. dxe4 Rc5 27. Kf2 Kf7 28. Kg3 a5 29. h4 Ra8 30. Nd4 a4 31. Nc6 Ra6 32. Nd8+ Kg8 33. Ne6 Rc4 34. h5 Rb6 35. h6 gxh6 36. Nd4 Bc5 37. Nf5 Kf7 38. Rc1 a3 39. Rh1 Rxc3 40. Rxh6 Kg8 41. Re6 Rb2 42. Re8+ Kf7 43. Re7+ Kf8 0-1

[Event "LXXXIII Camp. francese"]
[Site "Pau FRA"]
[Date "2008.08.20"]
[Round "9"]
[White "Vaisser, A."]
[Black "Maze, S."]
[Result "0-1"]
[WhiteElo "2542"]
[BlackElo "2553"]
[PlyCount "99"]
[EventDate "2008.08.11"]
[Source "www.chesslib.no"]
[SourceDate "2004.05.04"]

1. b3 e5 2. Bb2 Nc6 3. e3 Nf6 4. Bb5 Bd6 5. Ne2 a6 6. Bxc6 dxc6 7. d3 Qe7 8. Nd2 Ba3 9. Bxa3 Qxa3 10. O-O Bg4 11. f3 Be6 12. d4 exd4 13. Nxd4 O-O-O 14. Qe2 Rhe8 15. Qf2 Nd5 16. Nc4 Qc5 17. Nxe6 Rxe6 18. e4 Qxf2+ 19. Rxf2 Nc3 20. a3 b5 21. Ne3 g6 22. g4 Red6 23. g5 Rd2 24. Raf1 a5 25. Rxd2 Rxd2 26. Rf2 Rd4 27. Ng4 a4 28. bxa4 bxa4 29. Ne5 Nb5 30. c3 Rd1+ 31. Rf1 Rxf1+ 32. Kxf1 Nxa3 33. Ke2 Nb1 34. Kd3 a3 35. Kc2 Nd2 36. f4 Nxe4 37. Nxf7 Kd7 38. Kb3 Ke6 39. Nd8+ Kf5 40. c4 Kxf4 41. Kxa3 Kxg5 42. Nxc6 Kh4 43. Kb3 Kh3 44. Kc2 Kxh2 45. Kd3 Nf6 46. Nd4 Kg3 47. Ne6 h5 48. Nxc7 h4 49. Nd5 Nxd5 50. Kd4 0-1

[Event "Harplinge"]
[Site "Harplinge"]
[Date "1998.08.20"]
[Round "6"]
[White "Hodgson, Julian M"]
[Black "Schmaltz, Roland"]
[Result "0-1"]
[WhiteElo "2575"]
[BlackElo "2520"]
[PlyCount "104"]
[EventDate "1998.08.15"]
[Source "ChessBase"]
[SourceDate "1998.11.30"]

1. b3 e5 2. Bb2 d6 3. e3 g6 4. d4 Nd7 5. dxe5 Bg7 6. Nf3 dxe5 7. Na3 Nh6 8. Nc4 f6 9. Qd5 Nb6 10. Qxd8+ Kxd8 11. O-O-O+ Bd7 12. Na5 Kc8 13. h3 Nf7 14. g4 Be6 15. Nd2 Bf8 16. a3 Bd5 17. Rg1 Be7 18. c4 Be6 19. Bg2 c6 20. f4 Kc7 21. Nf3 Nd7 22. b4 Rhe8 23. Nd2 f5 24. Bf3 exf4 25. exf4 Bd6 26. gxf5 Bxf5 27. Bg4 Nh6 28. Rdf1 b6 29. Nab3 c5 30. Bg7 Nxg4 31. hxg4 Bd3 32. Rf3 Be2 33. Rf2 Re7 34. Bc3 Rf8 35. f5 gxf5 36. gxf5 Bd3 37. f6 Ref7 38. Nf3 Bf4+ 39. Bd2 Rxf6 40. Rg7 Bd6 41. bxc5 bxc5 42. Ba5+ Kc8 43. Nbd2 Bf4 44. Ne1 Bg6 45. Bc3 Rd6 46. Kb2 Bh6 47. Rxf8+ Nxf8 48. Rg8 Bxd2 49. Rxf8+ Kb7 50. Bxd2 Rxd2+ 51. Kc3 Re2 52. Nf3 Rf2 0-1

[Event "Bundesliga 9697"]
[Site "Germany"]
[Date "1997.??.??"]
[Round "?.2"]
[White "Teske, Henrik"]
[Black "Stohl, Igor"]
[Result "1-0"]
[WhiteElo "2500"]
[BlackElo "2580"]
[PlyCount "47"]
[EventDate "1996.10.??"]
[Source "ChessBase"]
[SourceDate "1999.07.01"]

1. b3 e5 2. Bb2 d6 3. c4 g6 4. Nc3 Bg7 5. g3 Ne7 6. Bg2 Nbc6 7. e3 Be6 8. Nf3 O-O 9. O-O h6 10. d4 exd4 11. exd4 d5 12. cxd5 Nxd5 13. Ne4 Qc8 14. Ne5 Bh3 15. Nxc6 bxc6 16. Re1 Bxg2 17. Kxg2 Qf5 18. Qc2 Nb4 19. Qd2 Rfe8 20. f3 a5 21. Rac1 Nxa2 22. Rc5 Qe6 23. d5 cxd5 24. Nf6+ 1-0

[Event "Mind Sports Games - Blitz Ind"]
[Site "Pechino CINA"]
[Date "2008.10.04"]
[Round "7"]
[White "Reinderman, D."]
[Black "Leon Hoyos, M."]
[Result "1-0"]
[WhiteElo "2543"]
[BlackElo "2535"]
[PlyCount "56"]
[EventDate "2008.10.04"]
[Source "www.chesslib.no"]
[SourceDate "2004.05.04"]

1. b3 e5 2. Bb2 Nc6 3. e3 Nf6 4. c4 Bd6 5. Nc3 O-O 6. d4 exd4 7. exd4 Re8+ 8. Be2 Bb4 9. Nf3 Qe7 10. d5 Ne4 11. Rc1 Nb8 12. Nd4 d6 13. O-O Bxc3 14. Bxc3 Nxc3 15. Rxc3 Nd7 16. Re3 Qf8 17. Qd2 Nf6 18. Nb5 Re7 19. Re1 a6 20. Rxe7 Qxe7 21. Bf3 Qd8 22. Nd4 Bd7 23. h3 b5 24. Qc3 Qb8 25. a3 Qb6 26. b4 h6 27. c5 Qa7 28. Re7 Be8 1-0

[Event "XLIII WJun"]
[Site "Kochin"]
[Date "2004.11.24"]
[Round "8"]
[White "Berkes, Ferenc"]
[Black "Jianu, Vlad Cristian"]
[Result "1/2-1/2"]
[WhiteElo "2630"]
[BlackElo "2444"]
[PlyCount "42"]
[EventDate "2004.11.20"]
[Source "Roberto Alvarez"]
[SourceDate "2004.11.29"]

1. b3 e5 2. Bb2 Nc6 3. e3 Nf6 4. c4 Be7 5. Nf3 e4 6. Nd4 O-O 7. Nf5 d5 8. Nxe7+ Qxe7 9. Nc3 d4 10. Nd5 Qd6 11. Nxf6+ Qxf6 12. b4 Qg6 13. Qb3 dxe3 14. fxe3 Re8 15. O-O-O Bg4 16. Re1 Rad8 17. h3 Bc8 18. Be2 Ne5 19. Bxe5 Rxe5 20. g4 c5 21. b5 Re7 1/2-1/2

[Event "WYCC 2003 - B18"]
[Site "Halkidiki"]
[Date "2003.10.31"]
[Round "9.1"]
[White "Mamedyarov, Shakhriyar"]
[Black "Zhigalko, Andrey"]
[Result "1/2-1/2"]
[WhiteElo "2595"]
[BlackElo "2478"]
[PlyCount "80"]
[EventDate "2003.10.23"]
[Source "Roberto Alvarez"]
[SourceDate "2003.11.03"]

1. b3 e5 2. Bb2 d6 3. e3 Nf6 4. Nf3 g6 5. d4 exd4 6. Nxd4 Bg7 7. c4 O-O 8. Be2 d5 9. Qc1 c5 10. Nf3 dxc4 11. bxc4 Ne4 12. Bxg7 Kxg7 13. Nbd2 Nxd2 14. Nxd2 Nc6 15. Qb2+ f6 16. O-O Qb6 17. Qa3 Bf5 18. Bf3 Rad8 19. Bd5 Nb4 20. e4 Bc8 21. Qc3 Qc7 22. f4 b6 23. a3 Nc6 24. Nb3 Rde8 25. Rae1 Be6 26. h3 h6 27. Re3 Bg8 28. Rg3 Ne7 29. Nd2 Kh7 30. h4 a6 31. h5 gxh5 32. Qd3 b5 33. cxb5 axb5 34. e5+ Kh8 35. Bxg8 Nxg8 36. Nf3 c4 37. Qb1 c3 38. Nh4 Ne7 39. exf6 Rxf6 40. Qxb5 Ra8 1/2-1/2

[Event "Cap d'Agde FRA"]
[Site "?"]
[Date "2002.10.27"]
[Round "6"]
[White "Chatalbashev Boris"]
[Black "Palac Mladen"]
[Result "0-1"]
[WhiteElo "2503"]
[BlackElo "2568"]
[PlyCount "48"]
[EventDate "2002.??.??"]
[Source "www.chesslib.no"]
[SourceDate "2004.05.04"]

1. b3 e5 2. Bb2 Nc6 3. e3 d6 4. g3 g6 5. Bg2 Bg7 6. c4 Nge7 7. Nc3 O-O 8. Nge2 Be6 9. O-O f5 10. d4 Bf7 11. d5 Nb8 12. f4 Nd7 13. Qd2 a6 14. e4 Qb8 15. g4 fxg4 16. f5 b5 17. cxb5 axb5 18. Kh1 b4 19. Nd1 gxf5 20. exf5 Nf6 21. Ne3 Bh6 22. Qd3 Bxe3 23. Qxe3 Bxd5 24. Qg5+ Kh8 0-1

[Event "JUG Ch"]
[Site "Umag CRO"]
[Date "1972.??.??"]
[Round "7"]
[White "Ljubojevic, Ljubomir"]
[Black "Planinec, Albin"]
[Result "1-0"]
[WhiteElo "2550"]
[BlackElo "2520"]
[PlyCount "83"]
[EventDate "1972.??.??"]
[Source "www.chesslib.no"]
[SourceDate "2004.05.04"]

1. b3 e5 2. Bb2 d6 3. c4 g6 4. d4 Bg7 5. dxe5 Nd7 6. Nf3 dxe5 7. e3 Ne7 8. Nc3 O-O 9. Qc2 c6 10. Rd1 Qb6 11. Be2 Nc5 12. O-O Bf5 13. e4 Bg4 14. Nxe5 Bxe5 15. Bxg4 Qc7 16. g3 f5 17. Bh3 Rad8 18. Rxd8 Rxd8 19. exf5 Nd3 20. Ba3 Nxf5 21. Bxf5 gxf5 22. Rd1 Qa5 23. Na4 Bf6 24. Kf1 b5 25. Rxd3 bxa4 26. b4 Qc7 27. Rxd8+ Qxd8 28. Qxf5 Qd4 29. Qc2 a6 30. Kg2 Kg7 31. Bc1 Qc3 32. Qxc3 Bxc3 33. Kf3 Kf6 34. Ke4 Bxb4 35. g4 Bc3 36. f4 Ba1 37. f5 Bc3 38. g5+ Kf7 39. h4 Ba1 40. h5 Kg7 41. Bf4 Kg8 42. Be5 1-0

[Event "Bad Wiessee (28.10.-04.11)"]
[Site "?"]
[Date "2000.11.01"]
[Round "5"]
[White "Prusikin Michael"]
[Black "Landa Konstantin"]
[Result "1/2-1/2"]
[WhiteElo "2460"]
[BlackElo "2610"]
[PlyCount "25"]
[EventDate "2000.??.??"]
[Source "www.chesslib.no"]
[SourceDate "2004.05.04"]

1. b3 e5 2. Bb2 Nc6 3. Nf3 e4 4. Nd4 Nf6 5. e3 Nxd4 6. Bxd4 b6 7. Be2 Bb7 8. O-O Bd6 9. d3 Qe7 10. Nc3 Be5 11. dxe4 Nxe4 12. Nxe4 Bxe4 13. Bxe5 1/2-1/2

[Event "Ramat Aviv 72/1"]
[Site "?"]
[Date "1998.??.??"]
[Round "?"]
[White "Mikhalevski, Victor"]
[Black "Avrukh, Boris"]
[Result "0-1"]
[WhiteElo "2545"]
[BlackElo "2525"]
[PlyCount "88"]
[EventDate "1998.??.??"]
[Source "ChessBase"]
[SourceDate "1998.02.01"]

1. b3 e5 2. Bb2 Nc6 3. e3 Nf6 4. Bb5 Bd6 5. Nf3 e4 6. Nh4 O-O 7. O-O Be5 8. Bxe5 Nxe5 9. f4 exf3 10. Nxf3 Qe7 11. Nc3 d5 12. Qe1 c5 13. Qh4 Ng6 14. Qg3 c4 15. Nd4 Be6 16. bxc4 dxc4 17. Nxe6 Qxe6 18. Qc7 Ne5 19. Qxb7 a6 20. Ba4 Rfb8 21. Qc7 Rc8 22. Qa5 Qd6 23. Rf4 Rc5 24. Qb4 Rb8 25. Qa3 Qc7 26. Raf1 Nd5 27. Nxd5 Rxd5 28. Qc3 Qa5 29. Rd4 Qxc3 30. dxc3 Ra5 31. Bd7 g6 32. a4 Rb7 33. Bc8 Rb2 34. Rc1 Rxa4 35. Rd5 Rb5 36. Rcd1 Rxd5 37. Rxd5 f6 38. Rd6 a5 39. Rxf6 Ra1+ 40. Kf2 Rc1 41. Kg3 Rxc2 42. Kf4 Nd3+ 43. Ke4 Kg7 44. Ra6 Nc5+ 0-1

[Event "AUT-chT2M 9899"]
[Site "?"]
[Date "1999.01.24"]
[Round "7"]
[White "Rotstein Arkadij"]
[Black "Hertneck Gerald"]
[Result "0-1"]
[WhiteElo "2515"]
[BlackElo "2555"]
[PlyCount "106"]
[EventDate "1999.??.??"]
[Source "www.chesslib.no"]
[SourceDate "2004.05.04"]

1. b3 e5 2. Bb2 Nc6 3. e3 g6 4. f4 Bg7 5. Nf3 d6 6. Bc4 Nh6 7. O-O O-O 8. fxe5 Ng4 9. Be2 Ngxe5 10. Nxe5 dxe5 11. Bf3 Qe8 12. d3 f5 13. Nd2 Be6 14. Bc3 Rd8 15. Qc1 Qd7 16. Bxc6 Qxc6 17. Qb2 Bh6 18. Rae1 e4 19. dxe4 fxe4 20. Rxf8+ Bxf8 21. Bd4 b5 22. Rf1 Qb7 23. b4 a5 24. a3 axb4 25. axb4 Rc8 26. Qc3 Bd5 27. Nb3 Bc4 28. Na5 Qd5 29. Nxc4 Qxc4 30. Qxc4+ bxc4 31. c3 Bd6 32. Ra1 Kf7 33. Kf2 Ke6 34. Ke2 Bxh2 35. Rh1 Bd6 36. Rxh7 Kf5 37. Rf7+ Kg4 38. Rf6 g5 39. Rg6 Ra8 40. b5 Ra2+ 41. Kd1 Rxg2 42. b6 Rb2 43. Re6 c5 44. Bf6 Rxb6 45. Be7 Bc7 46. Rxe4+ Kf3 47. Rxc4 g4 48. Rxc5 g3 49. Rf5+ Ke4 50. Rg5 Rb2 51. Bc5 g2 52. Kc1 Rf2 53. Rg4+ Kf3 0-1

[Event "GMA Baleares Open"]
[Site "Palma de Majorca ESP"]
[Date "1989.??.??"]
[Round "4"]
[White "Spraggett, Kevin B"]
[Black "Watson, William N"]
[Result "1/2-1/2"]
[WhiteElo "2575"]
[BlackElo "2495"]
[PlyCount "30"]
[EventDate "1989.12.??"]
[Source "www.chesslib.no"]
[SourceDate "2004.05.04"]

1. b3 e5 2. Bb2 d6 3. g3 f5 4. c4 Nf6 5. Bg2 g6 6. e3 Bg7 7. Ne2 O-O 8. Nbc3 c6 9. O-O Be6 10. Rc1 Bf7 11. d3 Na6 12. Qd2 Qe7 13. Ba3 Rfe8 14. Rce1 Rad8 15. Kh1 Qc7 1/2-1/2

[Event "Mitropa-Cup"]
[Site "Brno"]
[Date "1991.??.??"]
[Round "1"]
[White "Bischoff, Klaus"]
[Black "Stohl, Igor"]
[Result "0-1"]
[WhiteElo "2510"]
[BlackElo "2555"]
[PlyCount "130"]
[EventDate "1991.10.??"]
[Source "ChessBase"]

1. b3 e5 2. Bb2 d6 3. g3 g6 4. Bg2 Bg7 5. c4 Nf6 6. e3 O-O 7. Ne2 Re8 8. Nbc3 c6 9. d4 e4 10. h3 d5 11. cxd5 cxd5 12. Qd2 Nc6 13. Ba3 b6 14. O-O Ba6 15. Rfc1 Qd7 16. Qd1 Rac8 17. Bf1 Bf8 18. Bxf8 Kxf8 19. a3 Na5 20. Na2 Bxe2 21. Bxe2 Qxh3 22. Nb4 h5 23. Rxc8 Rxc8 24. Rc1 Kg7 25. Rxc8 Qxc8 26. Qc2 Qxc2 27. Nxc2 Nxb3 28. Nb4 a5 29. Na2 Nd2 30. Nc3 Kf8 31. Ba6 Ke7 32. Bb7 Ke6 33. Nb5 Nc4 34. Bc6 a4 35. Nc3 Kd6 36. Bxa4 Nxa3 37. Kf1 g5 38. Kg2 Nc4 39. Bb5 Nd2 40. Be2 Nc4 41. Bd1 Ng4 42. Ba4 f5 43. Be8 h4 44. gxh4 gxh4 45. Nd1 Nd2 46. Kh3 Nf3 47. Ba4 Nf6 48. Nc3 Ng4 49. Nd1 Ke7 50. Bc6 Ke6 51. Bb5 Nf6 52. Nc3 Ng8 53. Bc6 Ne7 54. Bb7 f4 55. Kg4 fxe3 56. fxe3 Ne1 57. Nxe4 dxe4 58. Bxe4 Nd5 59. Kxh4 Nc3 60. Bh7 Ng2+ 61. Kg3 Nxe3 62. Kf2 Ng4+ 63. Kf3 Nf6 64. Bd3 Kd5 65. Ke3 Ng4+ 0-1

[Event "Kavala"]
[Site "?"]
[Date "2006.07.10"]
[Round "8"]
[White "Drazic Sinisa"]
[Black "Heberla Bartolomiej"]
[Result "1-0"]
[WhiteElo "2514"]
[BlackElo "2551"]
[PlyCount "91"]
[EventDate "2006.??.??"]
[Source "www.chesslib.no"]
[SourceDate "2004.05.04"]

1. b3 e5 2. Bb2 Nc6 3. e3 Nf6 4. Bb5 Bd6 5. Na3 a6 6. Bxc6 dxc6 7. Nc4 Qe7 8. Ne2 b5 9. Nxd6+ cxd6 10. O-O O-O 11. Ng3 Nd5 12. c4 Nb6 13. Qc2 bxc4 14. bxc4 c5 15. Rab1 Be6 16. d3 Rab8 17. Bc3 Rb7 18. Ba5 Rfb8 19. Ne4 Nc8 20. Nc3 Qd7 21. Rxb7 Rxb7 22. Rb1 Ne7 23. Rxb7 Qxb7 24. Qb3 Qxb3 25. axb3 Kf8 26. Ne4 Nc8 27. f4 exf4 28. exf4 Ke7 29. Kf2 Kd7 30. h3 Ne7 31. Bc3 f6 32. g4 Kc6 33. b4 cxb4 34. Bxb4 d5 35. Bxe7 dxe4 36. f5 Bf7 37. dxe4 Bxc4 38. Bf8 g6 39. Be7 Bd3 40. Ke3 Bf1 41. h4 Kd7 42. Bxf6 Ke8 43. Bc3 Bh3 44. Kf4 h5 45. gxh5 gxf5 46. h6 1-0

[Event "SWE-chT 0102"]
[Site "?"]
[Date "2001.??.??"]
[Round "5"]
[White "Karlsson Lars"]
[Black "Degerman Lars"]
[Result "0-1"]
[WhiteElo "2572"]
[BlackElo "2489"]
[PlyCount "170"]
[EventDate "2001.??.??"]
[Source "www.chesslib.no"]
[SourceDate "2004.05.04"]

1. b3 e5 2. Bb2 Nc6 3. c4 g6 4. g3 Bg7 5. Bg2 Nge7 6. Nc3 O-O 7. d3 d6 8. e3 Rb8 9. Nge2 a6 10. Rc1 b5 11. Ba1 Bb7 12. O-O b4 13. Na4 Qd7 14. d4 exd4 15. exd4 Nd8 16. d5 Bxa1 17. Rxa1 c6 18. Nf4 c5 19. Re1 Bc8 20. Qd2 Nb7 21. Nb6 Qd8 22. Nxc8 Nxc8 23. Qb2 Nb6 24. Re2 Re8 25. Rae1 Rxe2 26. Rxe2 Nd7 27. Nd3 Qf6 28. Qxf6 Nxf6 29. Re7 Ne8 30. Nb2 Kf8 31. Rd7 Nf6 32. Rc7 Ne8 33. Rd7 Nf6 34. Rc7 Ne8 35. Rc6 Ra8 36. Na4 Nd8 37. Rb6 Ke7 38. Bh3 h5 39. f3 f5 40. g4 hxg4 41. fxg4 fxg4 42. Bxg4 Nf6 43. Bh3 Nh5 44. Kf2 Nf4 45. Bg4 Nd3+ 46. Ke3 Nc1 47. Kd2 Nxa2 48. Kc2 a5 49. Kb2 Nc3 50. Nxc3 bxc3+ 51. Kxc3 a4 52. bxa4 Rxa4 53. h3 Ra3+ 54. Kc2 Nf7 55. Rb7+ Kf6 56. Rd7 Ra6 57. Kb3 Ne5 58. Rd8 Ke7 59. Rh8 Ra1 60. Rh4 Rb1+ 61. Kc2 Re1 62. Be6 Kf6 63. Kc3 Kg5 64. Rh8 Re3+ 65. Kc2 Re4 66. Kb3 Nxc4 67. h4+ Kf6 68. h5 gxh5 69. Rxh5 Ne3 70. Kc3 Re5 71. Rh6+ Kg5 72. Rh8 Nxd5+ 73. Bxd5 Rxd5 74. Rf8 Rd4 75. Rf1 Kg6 76. Rf8 Kg7 77. Rf1 d5 78. Rf5 Kg6 79. Re5 Kf6 80. Rh5 Ke6 81. Rh6+ Kd7 82. Rh7+ Kc6 83. Rh6+ Kb5 84. Rh5 Rc4+ 85. Kb3 d4 0-1

[Event "Kostic Memorial"]
[Site "Kostic mem Vrsac"]
[Date "1971.??.??"]
[Round "?"]
[White "Planinec, Albin"]
[Black "Mecking, Henrique"]
[Result "1/2-1/2"]
[WhiteElo "2510"]
[BlackElo "2550"]
[PlyCount "35"]
[EventDate "1971.??.??"]
[Source "www.chesslib.no"]
[SourceDate "2004.05.04"]

1. b3 e5 2. Bb2 Nc6 3. c4 Nf6 4. e3 Be7 5. Nf3 e4 6. Nd4 Nxd4 7. Bxd4 O-O 8. Nc3 b6 9. Qc2 Bb7 10. d3 Re8 11. Rd1 Bb4 12. a3 Bxa3 13. Be2 Bc5 14. O-O exd3 15. Rxd3 Bxd4 16. Rxd4 Qe7 17. Rfd1 Qc5 18. Qb1 1/2-1/2

[Event "Anibal Open ESP"]
[Site "?"]
[Date "2001.??.??"]
[Round "2"]
[White "Wohl, A."]
[Black "Minasian, Art"]
[Result "0-1"]
[WhiteElo "2460"]
[BlackElo "2595"]
[PlyCount "85"]
[EventDate "2001.??.??"]
[Source "www.chesslib.no"]
[SourceDate "2004.05.04"]

1. b3 e5 2. Bb2 Nc6 3. e3 Nf6 4. Ne2 d5 5. d3 Bd6 6. Nd2 Ne7 7. a3 c5 8. c4 d4 9. exd4 exd4 10. Ng3 Ng6 11. Be2 O-O 12. O-O Nf4 13. Nde4 Nxe4 14. Nxe4 Nxe2+ 15. Qxe2 Bc7 16. Qh5 b6 17. Rae1 h6 18. b4 f5 19. Nd2 Qf6 20. Re2 Be6 21. Rfe1 Bf7 22. Qf3 Bd6 23. Nb3 Kh7 24. bxc5 bxc5 25. Na5 Rfe8 26. Nb7 Bf8 27. Bc1 Rxe2 28. Rxe2 Re8 29. Rxe8 Bxe8 30. Qe2 Bg6 31. Kf1 f4 32. Ke1 Qb6 33. Qf3 Qb1 34. Kd2 Qa2+ 35. Kd1 Be7 36. Bxf4 Qb1+ 37. Kd2 Qb2+ 38. Kd1 Qb3+ 39. Ke1 Bxd3 40. Nd6 Bxd6 41. Bxd6 Qc3+ 42. Kd1 Qxc4 43. Bf4 0-1

[Event "Krynica zt"]
[Site "Krynica"]
[Date "1998.09.04"]
[Round "3"]
[White "Vokac, Marek"]
[Black "Marin, Mihail"]
[Result "1/2-1/2"]
[WhiteElo "2525"]
[BlackElo "2530"]
[PlyCount "20"]
[EventDate "1998.09.02"]
[Source "ChessBase"]
[SourceDate "1998.11.30"]

1. b3 e5 2. Bb2 d6 3. e3 f5 4. d4 e4 5. d5 Nf6 6. h4 Be7 7. Nh3 O-O 8. Be2 Nbd7 9. Nc3 a6 10. h5 Ne5 1/2-1/2

[Event "Paris Ch"]
[Site "Paris FRA"]
[Date "1991.??.??"]
[Round "8"]
[White "Spraggett, Kevin B"]
[Black "Smirin, Ilia"]
[Result "1/2-1/2"]
[WhiteElo "2495"]
[BlackElo "2560"]
[PlyCount "34"]
[EventDate "1991.05.??"]
[Source "www.chesslib.no"]
[SourceDate "2004.05.04"]

1. b3 e5 2. Bb2 d6 3. c4 f5 4. g3 Nf6 5. Bg2 Be7 6. e3 O-O 7. Ne2 c5 8. Nbc3 Nc6 9. d3 Qe8 10. Nd5 Nxd5 11. Bxd5+ Kh8 12. Nc3 f4 13. Be4 fxe3 14. fxe3 Bg5 15. Qe2 Qf7 16. Nd1 Be6 17. Nf2 d5 1/2-1/2

[Event "Groningen Open"]
[Site "Groningen NED"]
[Date "1990.??.??"]
[Round "4"]
[White "Minasian, Artashes"]
[Black "Hansen, Curt"]
[Result "1/2-1/2"]
[WhiteElo "2480"]
[BlackElo "2570"]
[PlyCount "74"]
[EventDate "1990.12.??"]
[Source "www.chesslib.no"]
[SourceDate "2004.05.04"]

1. b3 e5 2. Bb2 d6 3. e3 g6 4. f4 Bg7 5. Nf3 Nf6 6. fxe5 Ng4 7. Nc3 dxe5 8. Ba3 Be6 9. h3 Nh6 10. e4 Nd7 11. Qe2 c6 12. O-O-O Qa5 13. Bb2 O-O-O 14. Ng5 Nf8 15. Na4 f6 16. Nf3 Nd7 17. Qf2 Kb8 18. g4 Rhe8 19. g5 Nf7 20. gxf6 Nxf6 21. Nc3 Nh5 22. h4 Nf4 23. Ng5 Nxg5 24. hxg5 Bg8 25. Bc4 Bxc4 26. Rxh7 Bf8 27. bxc4 Ba3 28. Bxa3 Qxa3+ 29. Kb1 Rd4 30. Ka1 Rxc4 31. Rb1 Rb4 32. Qh2 Rxb1+ 33. Nxb1 Qd6 34. Qh6 Rg8 35. Rxb7+ Kxb7 36. Qh7+ Ka6 37. Qxg8 Qd4+ 1/2-1/2

[Event "Camp. francese"]
[Site "Aix-les-Bains FRA"]
[Date "2007.08.24"]
[Round "11"]
[White "Vaisser, A."]
[Black "Renet, O."]
[Result "1/2-1/2"]
[WhiteElo "2544"]
[BlackElo "2498"]
[PlyCount "107"]
[EventDate "2007.08.13"]
[Source "www.chesslib.no"]
[SourceDate "2004.05.04"]

1. b3 e5 2. Bb2 Nc6 3. e3 Nf6 4. Bb5 Bd6 5. Ne2 O-O 6. Ng3 Re8 7. O-O a6 8. Be2 Bf8 9. f4 d5 10. fxe5 Nxe5 11. Qe1 g6 12. Qf2 Bg7 13. Nc3 c6 14. h3 Be6 15. d4 Ned7 16. e4 Kh8 17. Bf3 Qc7 18. Rae1 Rac8 19. Kh1 b5 20. Re2 b4 21. Na4 dxe4 22. Nxe4 Nxe4 23. Bxe4 f5 24. Bd3 a5 25. Rfe1 Nf8 26. c4 Bf7 27. Nc5 Kg8 28. Bc2 Rxe2 29. Rxe2 Re8 30. Rxe8 Bxe8 31. a3 bxa3 32. Bxa3 Bf7 33. Bc1 Nd7 34. Nxd7 Qxd7 35. Be3 a4 36. bxa4 Bxc4 37. Qd2 Bd5 38. Kg1 Qb7 39. Bd1 Qb1 40. Kh2 Bf8 41. Bf4 Bb4 42. Qe2 Kf7 43. g4 g5 44. Be5 f4 45. Qc2 Qxc2+ 46. Bxc2 h6 47. Bc7 Ke7 48. a5 c5 49. dxc5 Bxc5 50. Bd3 Bd4 51. Bb5 Ke6 52. a6 Ba7 53. Bd3 Bf3 54. Bc4+ 1/2-1/2

[Event "Kusadasi TUR"]
[Site "?"]
[Date "2006.04.07"]
[Round "4"]
[White "Blatny Pavel"]
[Black "Predojevic Borki"]
[Result "0-1"]
[WhiteElo "2483"]
[BlackElo "2553"]
[PlyCount "48"]
[EventDate "2006.??.??"]
[Source "www.chesslib.no"]
[SourceDate "2004.05.04"]

1. b3 e5 2. Bb2 Nc6 3. e3 Nf6 4. Ne2 d5 5. d3 Bd6 6. Nd2 Qe7 7. a3 h5 8. h3 h4 9. c4 a5 10. cxd5 Nxd5 11. Ne4 Be6 12. Nxd6+ cxd6 13. Nc3 f5 14. Be2 O-O 15. Bf3 Nf6 16. Rg1 d5 17. d4 e4 18. Be2 Qf7 19. Qd2 Qg6 20. Kf1 Nh5 21. Rc1 f4 22. Nd1 f3 23. Bxf3 Rxf3 24. Qe2 Raf8 0-1

[Event "Kusadasi TUR"]
[Site "?"]
[Date "2006.04.07"]
[Round "4"]
[White "Blatny Pavel"]
[Black "Predojevic Borki"]
[Result "0-1"]
[WhiteElo "2483"]
[BlackElo "2553"]
[PlyCount "132"]
[EventDate "2006.??.??"]
[Source "www.chesslib.no"]
[SourceDate "2004.05.04"]

1. b3 e5 2. Bb2 Nc6 3. e3 Nf6 4. Ne2 d5 5. d3 Bd6 6. Nd2 Qe7 7. a3 h5 8. h3 h4 9. c4 a5 10. cxd5 Nxd5 11. Ne4 Be6 12. Nxd6+ cxd6 13. Nc3 f5 14. Be2 O-O 15. Bf3 Nf6 16. Rb1 d5 17. d4 e4 18. Be2 Qf7 19. Qd2 Qg6 20. Bf1 Nh5 21. Rc1 f4 22. Nd1 f3 23. gxf3 Rxf3 24. Qe2 Raf8 25. Kd2 Ne7 26. Qe1 a4 27. Rc7 Nf5 28. Be2 Nd6 29. Bc3 Qe8 30. Bb4 Qd8 31. Rc3 Nf6 32. Qf1 axb3 33. Kc1 Rf7 34. Kb2 Nc4+ 35. Rxc4 dxc4 36. Bxf3 exf3 37. Nc3 Qd7 38. Qg1 Bxh3 39. Qg5 Qg4 40. Qxg4 Nxg4 41. Nd1 Bg2 42. Rxh4 Nf6 43. d5 Nxd5 44. Rxc4 Nf6 45. e4 Rd7 46. Ne3 Rd3 47. Nf5 Bh3 48. Ne7+ Kf7 49. Nd5 Nxd5 50. exd5 g5 51. d6 Be6 52. Rc7+ Kg6 53. Re7 Kf5 54. Rxb7 g4 55. Rb5+ Kf6 56. Bc5 Rd2+ 57. Kc1 Rc2+ 58. Kd1 g3 59. Bd4+ Kg6 60. fxg3 Bg4 61. Ke1 f2+ 62. Bxf2 b2 63. Rb6 Rc1+ 64. Kd2 b1=Q 65. d7+ Qxb6 66. Bxb6 Rd1+ 0-1

[Event "Donetzk zt"]
[Site "Donetsk"]
[Date "1998.11.09"]
[Round "7"]
[White "Berezin, Oleg"]
[Black "Lerner, Konstantin Z"]
[Result "0-1"]
[WhiteElo "2455"]
[BlackElo "2580"]
[PlyCount "71"]
[EventDate "1998.11.02"]
[Source "ChessBase"]
[SourceDate "1999.02.01"]

1. b3 e5 2. Bb2 d6 3. g3 g6 4. Bg2 Bg7 5. c4 Nf6 6. Nc3 O-O 7. e3 c6 8. d4 exd4 9. exd4 Bf5 10. Nge2 Na6 11. a3 Nc7 12. O-O d5 13. h3 h5 14. a4 Qd7 15. Kh2 Rad8 16. c5 Rfe8 17. b4 Ne6 18. Bc1 Ne4 19. Ra3 Qe7 20. Be3 a5 21. bxa5 N4xc5 22. dxc5 d4 23. Nd5 Qxc5 24. Rc3 Qxa5 25. Nxd4 cxd5 26. Rc1 Nxd4 27. Bxd4 Qb4 28. Bc5 Qb2 29. g4 hxg4 30. hxg4 Be4 31. f3 Bd3 32. Qxd3 Re2 33. Qxe2 Qxe2 34. Rfe1 Qd2 35. Bb6 Qf4+ 36. Kh1 0-1

[Event "Bad Woerishofen op 14th"]
[Site "?"]
[Date "1998.??.??"]
[Round "6"]
[White "Teske Henrik"]
[Black "Korneev Oleg"]
[Result "0-1"]
[WhiteElo "2475"]
[BlackElo "2560"]
[PlyCount "74"]
[EventDate "1998.??.??"]
[Source "www.chesslib.no"]
[SourceDate "2004.05.04"]

1. b3 e5 2. Bb2 Nc6 3. e3 Nf6 4. c4 d5 5. cxd5 Nxd5 6. a3 Bd6 7. Qc2 O-O 8. Nf3 Qe7 9. d3 f5 10. Nbd2 Kh8 11. Be2 Bd7 12. O-O Rae8 13. Nc4 Rf6 14. Rfd1 Rh6 15. Rac1 Rf8 16. Nxd6 cxd6 17. b4 a6 18. b5 axb5 19. Qb3 Nc7 20. d4 e4 21. d5 exf3 22. Bxf3 Na5 23. Qb4 Nc4 24. Bd4 Na6 25. Qc3 Nc5 26. g3 b6 27. Be2 Ne4 28. Qe1 Kg8 29. a4 Ne5 30. Rc7 Qd8 31. Bxb6 bxa4 32. Qa5 Qe8 33. Qa7 Bb5 34. Rxg7+ Kh8 35. Bd4 Bxe2 36. Re7 Qh5 37. h4 Qf3 0-1

[Event "Wasa SK- SS Lulea"]
[Site "?"]
[Date "2000.11.18"]
[Round "4"]
[White "Astrom Robert"]
[Black "Hellers Ferdinand"]
[Result "1/2-1/2"]
[WhiteElo "2427"]
[BlackElo "2605"]
[PlyCount "33"]
[EventDate "2000.??.??"]
[Source "www.chesslib.no"]
[SourceDate "2004.05.04"]

1. b3 e5 2. Bb2 Nc6 3. e3 Nf6 4. Bb5 d6 5. d4 Bd7 6. dxe5 dxe5 7. Nf3 e4 8. Nd4 Ne5 9. Bxd7+ Qxd7 10. Nc3 O-O-O 11. Qe2 c5 12. Ndb5 a6 13. Na3 Bd6 14. O-O-O Qc6 15. Nc4 Bc7 16. a4 Qe6 17. Nxe5 1/2-1/2